Indo-French collaborative research projects by Cefipra (Record no. 72559)

MARC details
000 -LEADER
fixed length control field 00631nam a2200229Ia 4500
003 - CONTROL NUMBER IDENTIFIER
control field OSt
005 - DATE AND TIME OF LATEST TRANSACTION
control field 20220912151622.0
008 - FIXED-LENGTH DATA ELEMENTS--GENERAL INFORMATION
fixed length control field 220909b |||||||| |||| 00| 0 eng d
037 ## - SOURCE OF ACQUISITION
Terms of availability Textual
040 ## - CATALOGING SOURCE
Original cataloging agency CSL
Language of cataloging eng
Transcribing agency CSL
041 ## - LANGUAGE CODE
Language code of text/sound track or separate title eng
110 ## - MAIN ENTRY--CORPORATE NAME
Corporate name or jurisdiction name as entry element Cefipra
245 #0 - TITLE STATEMENT
Title Indo-French collaborative research projects by Cefipra
260 ## - PUBLICATION, DISTRIBUTION, ETC.
Place of publication, distribution, etc. New Delhi
Name of publisher, distributor, etc. Centre Franco-Indien Pour La Promotion De La Recherche Avancee
Date of publication, distribution, etc. 1998
300 ## - PHYSICAL DESCRIPTION
Extent 299p
500 ## - GENERAL NOTE
General note Includes bibliographical references; ^mGift
942 ## - ADDED ENTRY ELEMENTS (KOHA)
Koha item type Textual
Source of classification or shelving scheme Colon Classification (CC)
Holdings
Withdrawn status Lost status Damaged status Not for loan Home library Current library Date acquired Total Checkouts Barcode Date last seen Price effective from Koha item type
        Central Science Library Central Science Library 2022-09-12   SL0858523 2022-09-12 2022-09-12 Textual
Copyright @ Delhi University Library System